| 000 | 005060000a22001810004500 | ||
|---|---|---|---|
| 003 | MACL | ||
| 005 | 20160129160942.0 | ||
| 008 | 160129b xxu||||| |||| 00| 0 eng d | ||
| 040 |
_aMACL _cMACL |
||
| 041 | _aEnglish | ||
| 082 | _a823/SAM | ||
| 100 |
_aSambamurthy, V Indira _920372 |
||
| 245 |
_aAn Annotated Bibliography of Indian English Fiction _bVolume 2 |
||
| 260 |
_bAtlantic Publishers and Distributors _c2001 _aNew Delhi |
||
| 350 | _a875 | ||
| 650 |
_aFiction _935621 |
||
| 942 |
_cBK _k823/SAM _2ddc |
||
| 999 |
_c31544 _d31544 |
||